1701 1625 1636 1787 1851 1850 1636 1110 1484 1766 1654 1823 1189 1880 1347 1084 1577 1754 1643 1262 1153 1789 1151 1520 1375 1029 1942 1435 1311 1886 1262 1706 1679 1051 1000 1816 1427 1943 1503 1215 1748 1907 1095 1820 1657 1064 1675 1759 1230 1676 1125 1384 1096 1131 1789 1477 1590 1224 1725 1092 1749 1301 1927 1778 1870 1387 1946 1547 1097 1641 1024 1422 1500 1301 1691 1606 1550 1864 1967 1634 1095 1831 1792 1082 1056 1775 1841 1697 1844 1565 1391 1974 1077 1417 1479 1880 1072 1615 1089 BCNSPRNW ULIB Ver.6.0+V

เปลี่ยนเป็นภาษาไทย

Change to English
 แสดงรายละเอียดบรรณานุกรม
  กลับหน้าหลัก

Brief Record : Get Marc (ISO 2709) : E-mail record : QR code < ปิดหน้าต่าง
LEADER : 00000nam 2200000uu 4500
001    13399123088
003     ULIB
008    140115s2555||||th 000 0 tha d
020    ^a9789740330202
041 0  ^atha
060  4 ^aWT100^bผ749
245 00 ^aผู้ช่วยดูแลผู้สูงอายุ :^bผู้ดูแลที่เป็นทางการและแนวทางในการประกันคุณภาพในประเทศไทย /^cศิริพันธุ์ สาสัตย์, บรรณาธิการ
250    ^aพิมพ์ครั้งที่ 1
260    ^aกรุงเทพฯ :^bสำนักพิมพ์แห่งจุฬาลงกรณ์มหาวิทยาลัย,^c2555
300    ^a233 หน้า :^bภาพประกอบ, ตาราง, แผนภูมิ ;^c26 ซม.
504    ^aมีบรรณานุกรมและดัชนี
650  7 ^aผู้สูงอายุ^xการดูแล
650  7 ^aผู้ดูแล
650  7 ^aประกันคุณภาพ
700 0  ^aศิริพันธุ์ สาสัตย์,^eบรรณาธิการ
945    ^p190^l0^i034366
945    ^p190^l0^i036823
945    ^p190^l0^i036824
945    ^p190^l0^i036825
945    ^p190^l0^i036826
945    ^p190^l0^i036827
945    ^p190^l0^i036828
945    ^p190^l0^i036829
945    ^p190^l0^i036830
945    ^p190^l0^i036831
945    ^p190^l0^i036832
945    ^p190^l0^i036833
945    ^p190^l0^i036834
945    ^p190^l0^i036835
945    ^p190^l0^i036836
945    ^p190^l0^i036837
999    ^aเกษร โพธิ์สุวรรณ
รายการนี้ยังไม่มีแท็ก
คุณยังไม่ได้ล็อกอิน คุณสามารถมีกิจกรรมร่วมกับเว็บไซต์ได้ แต่ต้องล็อกอินก่อน ::
  ล็อกอิน

รายการสื่อสารสนเทศ

ลำดับที่ ประเภท เลขเรียก/บาร์โค้ด สถานที่ สถานะ
1. วิทยาศาสตร์การแพทย์ และสุขภาพ
หนังสือสำรอง
สถานะ=หนังสือสำรอง
WT100 ผ749 ฉ.1 
  Barcode: 034366
ห้องสมุดวิทยาเขตสวรรค์ประชารักษ์
►ส่วนจัดเก็บหนังสือเก่า สปร
บนชั้น
  ขอยืม
2. วิทยาศาสตร์การแพทย์ และสุขภาพ
วิทยาศาสตร์การแพทย์ และสุขภาพ
WT100 ผ749 ฉ.10 
  Barcode: 036831
ห้องสมุดวิทยาเขตสวรรค์ประชารักษ์
►ส่วนจัดเก็บหนังสือเก่า สปร
บนชั้น
  ขอยืม
3. วิทยาศาสตร์การแพทย์ และสุขภาพ
วิทยาศาสตร์การแพทย์ และสุขภาพ
WT100 ผ749 ฉ.11 
  Barcode: 036832
ห้องสมุดวิทยาเขตสวรรค์ประชารักษ์
►ส่วนจัดเก็บหนังสือเก่า สปร
บนชั้น
  ขอยืม
4. วิทยาศาสตร์การแพทย์ และสุขภาพ
วิทยาศาสตร์การแพทย์ และสุขภาพ
WT100 ผ749 ฉ.12 
  Barcode: 036833
ห้องสมุดวิทยาเขตสวรรค์ประชารักษ์
►ส่วนจัดเก็บหนังสือเก่า สปร
บนชั้น
  ขอยืม
5. วิทยาศาสตร์การแพทย์ และสุขภาพ
วิทยาศาสตร์การแพทย์ และสุขภาพ
WT100 ผ749 ฉ.13 
  Barcode: 036834
ห้องสมุดวิทยาเขตสวรรค์ประชารักษ์
►ส่วนจัดเก็บหนังสือเก่า สปร
บนชั้น
  ขอยืม
6. วิทยาศาสตร์การแพทย์ และสุขภาพ
วิทยาศาสตร์การแพทย์ และสุขภาพ
WT100 ผ749 ฉ.14 
  Barcode: 036835
ห้องสมุดวิทยาเขตสวรรค์ประชารักษ์
►ส่วนจัดเก็บหนังสือเก่า สปร
บนชั้น
  ขอยืม
7. วิทยาศาสตร์การแพทย์ และสุขภาพ
วิทยาศาสตร์การแพทย์ และสุขภาพ
WT100 ผ749 ฉ.15 
  Barcode: 036836
ห้องสมุดวิทยาเขตสวรรค์ประชารักษ์
►ส่วนจัดเก็บหนังสือเก่า สปร
บนชั้น
  ขอยืม
8. วิทยาศาสตร์การแพทย์ และสุขภาพ
วิทยาศาสตร์การแพทย์ และสุขภาพ
WT100 ผ749 ฉ.16 
  Barcode: 036837
ห้องสมุดวิทยาเขตสวรรค์ประชารักษ์
►หนังสือทั่วไป
ถูกยืม กำหนดส่งวันที่ 12 กรกฎาคม 2567
  จอง
9. วิทยาศาสตร์การแพทย์ และสุขภาพ
วิทยาศาสตร์การแพทย์ และสุขภาพ
WT100 ผ749 ฉ.2 
  Barcode: 036823
ห้องสมุดวิทยาเขตสวรรค์ประชารักษ์
►ส่วนจัดเก็บหนังสือเก่า สปร
บนชั้น
  ขอยืม
10. วิทยาศาสตร์การแพทย์ และสุขภาพ
วิทยาศาสตร์การแพทย์ และสุขภาพ
WT100 ผ749 ฉ.3 
  Barcode: 036824
ห้องสมุดวิทยาเขตสวรรค์ประชารักษ์
►ส่วนจัดเก็บหนังสือเก่า สปร
บนชั้น
  ขอยืม
11. วิทยาศาสตร์การแพทย์ และสุขภาพ
วิทยาศาสตร์การแพทย์ และสุขภาพ
WT100 ผ749 ฉ.4 
  Barcode: 036825
ห้องสมุดวิทยาเขตสวรรค์ประชารักษ์
►หนังสือทั่วไป
ถูกยืม กำหนดส่งวันที่ 13 สิงหาคม 2566
  จอง
12. วิทยาศาสตร์การแพทย์ และสุขภาพ
วิทยาศาสตร์การแพทย์ และสุขภาพ
WT100 ผ749 ฉ.5 
  Barcode: 036826
ห้องสมุดวิทยาเขตสวรรค์ประชารักษ์
►ส่วนจัดเก็บหนังสือเก่า สปร
บนชั้น
  ขอยืม
13. วิทยาศาสตร์การแพทย์ และสุขภาพ
วิทยาศาสตร์การแพทย์ และสุขภาพ
WT100 ผ749 ฉ.6 
  Barcode: 036827
ห้องสมุดวิทยาเขตสวรรค์ประชารักษ์
►ส่วนจัดเก็บหนังสือเก่า สปร
บนชั้น
  ขอยืม
14. วิทยาศาสตร์การแพทย์ และสุขภาพ
วิทยาศาสตร์การแพทย์ และสุขภาพ
WT100 ผ749 ฉ.7 
  Barcode: 036828
ห้องสมุดวิทยาเขตสวรรค์ประชารักษ์
►ส่วนจัดเก็บหนังสือเก่า สปร
บนชั้น
  ขอยืม
15. วิทยาศาสตร์การแพทย์ และสุขภาพ
วิทยาศาสตร์การแพทย์ และสุขภาพ
WT100 ผ749 ฉ.8 
  Barcode: 036829
ห้องสมุดวิทยาเขตสวรรค์ประชารักษ์
►ส่วนจัดเก็บหนังสือเก่า สปร
บนชั้น
  ขอยืม
16. วิทยาศาสตร์การแพทย์ และสุขภาพ
วิทยาศาสตร์การแพทย์ และสุขภาพ
WT100 ผ749 ฉ.9 
  Barcode: 036830
ห้องสมุดวิทยาเขตสวรรค์ประชารักษ์
►ส่วนจัดเก็บหนังสือเก่า สปร
บนชั้น
  ขอยืม

รายการใกล้เคียง
    หัวเรื่อง [ผู้สูงอายุ การดูแล]
    หัวเรื่อง [ผู้ดูแล]
    หัวเรื่อง [ประกันคุณภาพ]

BibComment


ยังไม่เคยถูกคอมเมนท์

คอมเมนท์ทรัพยากรรายการนี้
  คอมเมนท์: ผู้ช่วยดูแลผู้สู..


 Copyright 2026. Bcnsprnw @Library